Score 0/184 Timer 07:00
1 Play Today
Lyrics % Correct
I
96.5%
I
96.5%
I
96.5%
a
96%
a
96%
the
92.6%
the
92.6%
the
92.6%
the
92.6%
the
92.6%
the
92.6%
the
92.6%
the
92.6%
the
92.6%
the
92.6%
the
92.6%
the
92.6%
the
92.6%
the
92.6%
the
92.6%
the
92.6%
the
92.6%
the
92.6%
We
87.4%
We
87.4%
we
87.4%
we
87.4%
We
87.4%
We
87.4%
we
87.4%
we
87.4%
We
87.4%
We
87.4%
we
87.4%
we
87.4%
we
87.3%
and
84.8%
and
84.8%
and
84.8%
and
84.8%
and
84.8%
and
84.8%
and
84.8%
are
84.7%
are
84.7%
are
84.7%
are
84.7%
are
84.7%
are
84.7%
are
84.7%
are
84.7%
are
84.7%
are
84.7%
are
84.7%
are
84.7%
no
84.3%
no
84.3%
no
84.3%
no
84.3%
no
84.3%
no
84.3%
my
84.2%
Lyrics % Correct
my
84.2%
my
84.2%
my
84.2%
my
84.2%
my
84.2%
my
84.2%
my
84.2%
my
84.2%
champions
82.5%
champions
82.5%
champions
82.5%
champions
82.5%
champions
82.5%
champions
82.5%
champions
82.5%
champions
82.5%
champions
82.5%
champions
82.5%
champions
82.5%
champions
82.5%
on
82.1%
on
82.1%
on
82.1%
of
81.5%
of
81.5%
of
81.5%
of
81.5%
time
81%
time
81%
time
81%
time
81%
time
81%
for
80.2%
for
80.2%
for
80.2%
world
77.6%
world
77.6%
end
76.2%
end
76.2%
end
76.2%
lose
76.2%
keep
74.9%
keep
74.9%
keep
74.9%
‘cause
74.6%
‘cause
74.6%
‘cause
74.6%
‘til
74.3%
‘til
74.3%
‘til
74.3%
fighting
74.2%
fighting
74.2%
fighting
74.2%
you
74%
you
74%
losers
73.9%
losers
73.9%
losers
73.9%
we’ll
73%
we’ll
73%
we’ll
73%
friends
72.8%
Lyrics % Correct
friends
72.8%
friends
72.8%
I’ve
72.2%
I’ve
72.2%
I’ve
72.2%
I’ve
72.2%
I’ve
72.2%
I’ve
72.2%
after
68.1%
it
66.6%
it
66.6%
but
64.3%
but
64.3%
but
64.3%
paid
61.1%
dues
61%
in
60.7%
me
59.3%
crime
59%
had
56.8%
committed
56.7%
made
56.7%
few
56.4%
all
56.1%
mistakes
55%
done
53.9%
sentence
53%
that
51.2%
it’s
49.8%
bad
49.7%
been
49.6%
roses
49.2%
bed
49%
come
48.6%
through
48.2%
share
46.8%
with
46.5%
goes
44.1%
everything
43.3%
thank
43.2%
pleasure
42.9%
face
42.9%
curtain
42%
fortune
42%
cruise
41.8%
fame
41.7%
taken
40.7%
calls
39.1%
race
38.7%
kicked
38.3%
human
37.9%
consider
36.9%
challenge
35.6%
bows
35.1%
whole
33.2%
before
32%
sand
31.9%
brought
28.9%
gonna
28%
ain’t
25.3%
Remove Ads.
Support Sporcle.
Get the best of Sporcle when you Go Orange. This ad-free experience offers more features, more stats, and more fun while also helping to support Sporcle. Thank you for becoming a member.

You're not logged in!

Compare scores with friends on all Sporcle quizzes.
OR
Log In

Sporcle TV

Today on Sporcle TV


Watch our educational content, quiz creation guides, and fun videos on Sporcle TV.

Show Comments

Extras

Top Quizzes Today


Score Distribution

Paid Content

Your Account Isn't Verified!

In order to create a playlist on Sporcle, you need to verify the email address you used during registration. Go to your Sporcle Settings to finish the process.

Report this User

Report this user for behavior that violates our Community Guidelines.

Details: